| 000 | 00701nam a22001697a 4500 | ||
|---|---|---|---|
| 020 | _a9780948977280 | ||
| 082 |
_a891.439109 _bKAZ |
||
| 100 | _aKazmi, Syed Ashoor, | ||
| 245 |
_aMarsiya Nazm Ki Asnaaf Mein :Jadeed Marsiya aur Agha Sikandar Mehdi / _cSyed Ashoor Kazmi ; |
||
| 260 |
_aDelhi: _bEducational Publishing House, _c1996. |
||
| 300 | _a322 pages; | ||
| 650 |
_aMarsiya (elegiac poetry) _9129755 |
||
| 880 |
_6100-01\(3\r _aمرثیہ نظم کی اصناف میں :جدید مرثیہ اور آغا سکندرمہدی |
||
| 880 |
_6100-02\(3\r _aسید اشور کاظمی |
||
| 880 |
_6100-03\(3\r _aڈہلی: _bایجوکیشنل پبلشنگ ہاؤس، _c1996. |
||
| 942 |
_2ddc _cBK |
||
| 999 |
_c614302 _d614302 |
||